稲城市の町名 【漢字版】 - Statistics

General Stats
  • This quiz has been taken 33 times
  • The average score is 5 of 10
Answers on the Map
Answers color-coded by a green-red scale on the quiz's map according to % correct below.
 
Answer Stats
町名 % Correct
若葉台 (わかばだい)
84%
大丸 (おおまる)
68%
矢野口 (やのくち)
68%
坂浜 (さかはま)
56%
長峰 (ながみね)
52%
押立 (おしたて)
48%
平尾 (ひらお)
48%
東長沼 (ひがしながぬま)
44%
向陽台 (こうようだい)
44%
百村 (もむら)
36%
No matching quizzes found
Score Distribution
Percent of People with Each Score
Percentile by Number Answered
Your Score History
You have not taken this quiz